Relative efficacy of a single pre-monsoon spray of some fungicides for the control of brown fruit-rot of citrus (Record no. 45444)

MARC details
000 -LEADER
fixed length control field 00476nam a2200145Ia 4500
100 ## - MAIN ENTRY--AUTHOR NAME
Personal name Raghavendra Rao N N
245 #0 - TITLE STATEMENT
Title Relative efficacy of a single pre-monsoon spray of some fungicides for the control of brown fruit-rot of citrus
260 ## - PUBLICATION, DISTRIBUTION, ETC. (IMPRINT)
Name of publisher Indian Journal of Agricultural Sciences
Year of publication 1985
300 ## - PHYSICAL DESCRIPTION
Number of Pages 189-192
650 ## - SUBJECT ADDED ENTRY--TOPICAL TERM
Topical Term Brown fruit-rot disease
650 ## - SUBJECT ADDED ENTRY--TOPICAL TERM
Topical Term Disease control
650 ## - SUBJECT ADDED ENTRY--TOPICAL TERM
Topical Term Fungicides
942 ## - ADDED ENTRY ELEMENTS (KOHA)
Koha item type Reprints
Holdings
Withdrawn status Lost status Damaged status Not for loan Home library Current library Shelving location Date acquired Serial Enumeration / chronology Accession Number Koha item type
      Reprints RRII Library RRII Library Pathology 22/12/2021 Volume 55, Issue 3 P01169 Reprints